Städte Europas mit den meisten Touristen - Statistiken

Allgemein
  • Dieses Quiz wurde 514 mal gespielt
  • Das Durchschnittsergebnis liegt bei 19 aus 24
Antwortstatistiken
# Touristen Antwort % Korrekt
6.195.800 Berlin
99%
19.087.900 Paris
99%
19.559.900 London
97%
5.597.800 Madrid
97%
10.317.000 Rom
96%
7.016.600 Barcelona
95%
6.634.700 Wien
93%
4.205.500 München
92%
8.835.400 Amsterdam
90%
5.969.000 Moskau
89%
3.639.900 Lissabon
88%
6.604.400 Mailand
87%
6.301.300 Athen
86%
9.150.900 Prag
85%
14.715.900 Istanbul
83%
4.276.000 Brüssel
81%
4.025.400 Budapest
78%
3.185.600 Kopenhagen
78%
5.462.100 Dublin
74%
5.590.500 Venedig
71%
4.457.200 St. Petersburg
54%
5.125.700 Florenz
44%
2.910.000 Krakau
19%
3.034.600 Heraklion
6%
Keine übereinstimmenden Quizze gefunden
Verteilung der Resultate
Anzahl Personen mit jedem Resultat
Perzentil nach korrekt beantworteten Fragen
Ihre Resultats-Entwicklung
Sie haben dieses Quiz noch nicht gespielt